[Event "1st WMSG Rapid Pair"]
[Site "Beijing CHN"]
[Date "2008.10.09"]
[Round "3"]
[White "Kakageldyev,A"]
[Black "Rasmussen,Kar"]
[Result "1-0"]
[WhiteElo "2449"]
[BlackElo "2466"]

1.d4 d5 2.c4 c6 3.Nf3 Nf6 4.Nc3 e6 5.e3 Nbd7 6.Qc2 Bd6 7.Bd2 O-O 8.O-O-O b5
9.cxb5 c5 10.e4 Bb7 11.exd5 Nxd5 12.Ne4 Be7 13.dxc5 Nxc5 14.Nxc5 Bxc5 15.Ng5 g6
16.Ne4 Be7 17.Kb1 Qb6 18.Qb3 Rfd8 19.Bc4 Qd4 20.Nc3 Qxf2 21.Nxd5 Bxd5 22.Bxd5 Rxd5
23.Qf3 Qxf3 24.gxf3 Rad8 25.Kc2 Rxb5 26.Bc3 Rbd5 27.Rxd5 Rxd5 28.Re1 Bd6
29.h3 Kf8 30.Re4 Rf5 31.Ra4 Bc5 32.f4 Bb6 33.Rc4 Ke7 34.a4 Rh5 35.b4 Rxh3
36.a5 Bg1 37.Rc7+ Ke8 38.Bf6 Rf3 39.Re7+ Kd8 40.Rxa7+ Kc8 41.Rxf7 Rxf4 42.Rf8+ Kb7
43.b5 Bd4 44.a6+ Kb6 45.Bd8+ Kxb5 46.Rxf4  1-0

[Event "Chigorin Memorial"]
[Site "St Petersburg RUS"]
[Date "2008.10.09"]
[Round "7"]
[White "Brodsky,M"]
[Black "Solovjov,S"]
[Result "1-0"]
[WhiteElo "2550"]
[BlackElo "2419"]

1.c4 Nf6 2.d4 c6 3.Nc3 d5 4.Nf3 e6 5.e3 Nbd7 6.Bd3 dxc4 7.Bxc4 b5 8.Bd3 Bb7
9.a3 b4 10.Ne4 Nxe4 11.Bxe4 bxa3 12.O-O Bd6 13.b3 Nf6 14.Nd2 Qe7 15.Bf3 O-O
16.Nc4 Bb4 17.Bxa3 a5 18.Qc2 Nd5 19.Bxb4 axb4 20.Ne5 Qd6 21.Rfc1 f6 22.Nd3 Ba6
23.Qc5 Qxc5 24.Nxc5 Bb5 25.Nxe6 Rfc8 26.Rxa8 Rxa8 27.Bxd5 cxd5 28.Nc7 Rc8
29.Rc5 Bc4 30.bxc4 b3 31.Nxd5 Ra8 32.g3 b2 33.Nc3 Ra3 34.Rb5  1-0

[Event "1st WMSG Rapid Pair"]
[Site "Beijing CHN"]
[Date "2008.10.10"]
[Round "6"]
[White "Orr,M"]
[Black "Rasmussen,Kar"]
[Result "1/2-1/2"]
[WhiteElo "2249"]
[BlackElo "2466"]

1.d4 d5 2.c4 e6 3.Nf3 Nf6 4.Nc3 c6 5.e3 Nbd7 6.Qc2 Bd6 7.b3 O-O 8.Bb2 e5
9.Be2 e4 10.Nd2 a6 11.a4 Re8 12.Ba3 Nf8 13.Bxd6 Qxd6 14.c5 Qc7 15.h3 Ng6
16.O-O-O b6 17.b4 a5 18.cxb6 Qxb6 19.b5 Bd7 20.Qb2 Rec8 21.Kb1 Rab8 22.Nb3 Ne7
23.Rc1 cxb5 24.Nxb5 Nc6 25.Rc5 Nb4 26.Rhc1 Nd3 27.Bxd3 exd3 28.Rxc8+ Bxc8
29.f3 Bd7 30.Rc5 Bf5 31.Qd2 Re8 32.g4 Bg6 33.g5 Nh5 34.Rxd5 Qe6 35.Nc7 Qb6
36.Nb5 Qe6 37.Nc7 Qb6 38.Nb5 Qe6 39.Nc7 Qb6 40.Nb5  1/2-1/2

[Event "Chigorin Memorial"]
[Site "St Petersburg RUS"]
[Date "2008.10.10"]
[Round "8"]
[White "Kushka,A"]
[Black "Solovjova,V"]
[Result "0-1"]
[WhiteElo "2123"]
[BlackElo "2303"]

1.d4 d5 2.c4 e6 3.Nc3 c6 4.e3 Nf6 5.Nf3 Nbd7 6.Bd3 dxc4 7.Bxc4 b5 8.Be2 Bb7
9.O-O Be7 10.e4 b4 11.e5 Nd5 12.Ne4 c5 13.dxc5 Nxc5 14.Nxc5 Bxc5 15.Bb5+ Ke7
16.Qe2 Qb6 17.Bg5+ f6 18.Bd2 f5 19.Rac1 Rac8 20.Bd3 g6 21.Rc4 h6 22.Nh4 Kf7
23.Nxg6 Kxg6 24.Rh4 Kf7 25.Bxh6 Nf4 26.Rxf4 Rxh6 27.Rd1 Ke7 28.Bb5 Rd8 29.Rxd8 Qxd8
30.Qc2 Qd5 31.Bf1 Rg6 32.Rf3 Bb6  0-1

[Event "Chigorin Memorial"]
[Site "St Petersburg RUS"]
[Date "2008.10.10"]
[Round "8"]
[White "Utkin,Alex"]
[Black "Orlov,O2"]
[Result "0-1"]
[WhiteElo "2196"]
[BlackElo "2333"]

1.d4 c6 2.c4 d5 3.e3 Nf6 4.Nc3 e6 5.Nf3 Nbd7 6.Qc2 Bd6 7.b3 O-O 8.Be2 Re8
9.O-O dxc4 10.bxc4 e5 11.Rd1 Qe7 12.a4 e4 13.Nd2 Nf8 14.Nf1 Ng6 15.Qb3 Nh4
16.Ba3 Bh3 17.Bxd6 Qxd6 18.gxh3 Qd7 19.Nd2 Qxh3 20.Bf1 Qf5 21.Qc2 Re6 22.f3 Ng4
23.fxg4 Qxg4+ 24.Kh1 Rg6 25.Ne2 Nf3 26.Ng3 Nxh2 27.Qxe4 Qxg3 28.Qg2 Nxf1
29.Qxg3 Nxg3+ 30.Kh2 Re8 31.Ra3 Nf5 32.Rb1 b6 33.a5 c5 34.axb6 axb6 35.dxc5 bxc5
36.Rb5 h6 37.e4 Rd6 38.exf5 Rxd2+ 39.Kg3 Re5 40.Ra8+ Kh7 41.f6 g5 42.Ra3 Kg6
43.Rb8 Ree2 44.Rg8+ Kh5 45.Kf3 Rh2 46.Ke4 Rd4+ 47.Kf5 Rf2+  0-1

[Event "Chigorin Memorial"]
[Site "St Petersburg RUS"]
[Date "2008.10.10"]
[Round "8"]
[White "Demina,J"]
[Black "Balakirev,I"]
[Result "1/2-1/2"]
[WhiteElo "2357"]
[BlackElo "2243"]

1.d4 d5 2.Nf3 c6 3.c4 e6 4.e3 Nf6 5.Nc3 Nbd7 6.Qc2 Bd6 7.Bd2 O-O 8.Bd3 dxc4
9.Bxc4 a6 10.O-O c5 11.dxc5 Nxc5 12.b4 Ncd7 13.b5 Qc7 14.Ne4 Nxe4 15.Qxe4 Nf6
16.Qh4 e5 17.Ng5 axb5 18.Bd3 h6 19.Ne4 Nxe4 20.Qxe4 g6 21.Bxb5 Bf5 22.Qh4 Kg7
23.Rfc1 Qb6 24.a4 Rac8 25.g4 g5 26.Qh3 Be4 27.f3 Bg6 28.Qf1 Bc5 29.Qe2 Rfd8
30.Re1 e4 31.Bc3+ Kh7 32.Kg2 exf3+ 33.Qxf3 Qe6 34.Kf2 Be4 35.Qf6 Rd2+ 36.Re2 Rxe2+
37.Bxe2 Qxf6+ 38.Bxf6 Kg6 39.Bd4 Bd6 40.h3 f5 41.a5 Rc2 42.Kf1 f4 43.exf4 gxf4
44.a6 bxa6  1/2-1/2

[Event "TCh-AUT 2nd Bundesliga Mitte 2008-9"]
[Site "Austria AUT"]
[Date "2008.10.11"]
[Round "1"]
[White "Lenic,L"]
[Black "Schenk,An"]
[Result "1/2-1/2"]
[WhiteElo "2569"]
[BlackElo "2507"]

1.d4 d5 2.c4 c6 3.Nf3 Nf6 4.e3 e6 5.Nc3 Nbd7 6.Bd3 dxc4 7.Bxc4 b5 8.Bd3 Bb7
9.a3 a5 10.Bd2 Bd6 11.Rc1 Qb8 12.Ng5 c5 13.Bxb5 cxd4 14.exd4 Bxg2 15.Rg1 Bb7
16.Nxe6 fxe6 17.Rxg7 Kf8 18.Bh6 Bf4 19.Rxh7+ Kg8 20.Rg7+ Kf8 21.Rh7+ Kg8
22.Rg7+  1/2-1/2

[Event "Belgrade Premier League"]
[Site "Belgrade SRB"]
[Date "2008.10.11"]
[Round "7"]
[White "Kocic,S"]
[Black "Mihic,B"]
[Result "0-1"]
[WhiteElo "2257"]
[BlackElo "2376"]

1.Nf3 d5 2.d4 Nf6 3.c4 e6 4.Nc3 c6 5.e3 Nbd7 6.Qc2 Bd6 7.Be2 O-O 8.O-O dxc4
9.Bxc4 b5 10.Be2 Bb7 11.Rd1 Qb8 12.h3 a6 13.Ne4 Nxe4 14.Qxe4 c5 15.Qh4 Qd8
16.Qxd8 Rfxd8 17.Bd2 c4 18.Ba5 Rdc8 19.Nd2 f5 20.Rac1 Bd5 21.f3 Nf6 22.Kf2 Rab8
23.g4 h6 24.b3 Ba3 25.Rc2 cxb3 26.Rxc8+ Rxc8 27.axb3 g5 28.Ra1 Bd6 29.Bd3 fxg4
30.fxg4 Bb7 31.e4 e5 32.d5 Kf7 33.Nf1 h5 34.Ne3 hxg4 35.hxg4 Bc5 36.Rg1 Rh8
37.Bd2 Bc8 38.Ke1 Rh3 39.Ke2 Rh2+ 40.Ke1 Kg6 41.Rf1 Nxg4 42.Nf5 Rh3 43.Ke2 Rh2+
44.Ke1 Nf2 45.Bc2 Bxf5 46.exf5+ Kf6 47.Ba5 Ng4 48.Be4 Ra2 49.Bd8+ Be7 50.Bc7 Bb4+  0-1

[Event "28th OIS"]
[Site "Munich GER"]
[Date "2008.10.11"]
[Round "1"]
[White "Marcelin,C"]
[Black "Luhn,R"]
[Result "1-0"]
[WhiteElo "2494"]
[BlackElo "2057"]

1.d4 d5 2.c4 c6 3.Nc3 Nf6 4.e3 e6 5.Nf3 Nbd7 6.Qc2 Bd6 7.Bd3 O-O 8.O-O Re8
9.Rd1 e5 10.cxd5 cxd5 11.e4 exd4 12.Nxd5 Ne5 13.Nxf6+ Qxf6 14.Nxe5 Bxe5 15.f4 Bxf4
16.Rf1 g5 17.g3 Bh3 18.Rf2 Rac8 19.Qe2 Qc6 20.Bxf4 gxf4 21.Rxf4 Re5 22.Rh4 Qe6
23.g4 f5 24.gxf5 Bxf5 25.exf5 Qf6 26.Re4 Qg5+ 27.Rg4  1-0

[Event "Chigorin Memorial"]
[Site "St Petersburg RUS"]
[Date "2008.10.11"]
[Round "9"]
[White "Brodsky,M"]
[Black "Lovkov,R"]
[Result "1-0"]
[WhiteElo "2550"]
[BlackElo "2434"]

1.d4 Nf6 2.c4 e6 3.Nf3 d5 4.Nc3 c6 5.e3 Nbd7 6.Bd3 dxc4 7.Bxc4 b5 8.Bd3 Bb7
9.a3 a6 10.b4 a5 11.Rb1 axb4 12.axb4 Bd6 13.O-O O-O 14.Bd2 e5 15.Ng5 Be7
16.Qc2 h6 17.Nf3 Bd6 18.Ne4 Nxe4 19.Bxe4 Qe7 20.Bf5 exd4 21.exd4 Nb6 22.Rfe1 Qf6
23.Ne5 Rfe8 24.Be4 Rac8 25.Rb3 Bxe5 26.dxe5 Qe7 27.Rg3 Kh8 28.Bf5 Rcd8 29.f4 Qf8
30.e6 fxe6 31.Bc3 e5 32.Rxe5  1-0

[Event "TCh-AUT 2nd Bundesliga Mitte 2008-9"]
[Site "Austria AUT"]
[Date "2008.10.12"]
[Round "2"]
[White "Horvath,Jo1"]
[Black "Doric,D"]
[Result "1-0"]
[WhiteElo "2542"]
[BlackElo "2485"]

1.c4 e6 2.Nf3 d5 3.d4 c6 4.e3 Nf6 5.Nc3 Nbd7 6.Qc2 Bd6 7.Bd3 O-O 8.O-O dxc4
9.Bxc4 a6 10.e4 e5 11.Rd1 Qc7 12.g3 b5 13.Bf1 Re8 14.Bg2 Bb7 15.Bg5 exd4
16.Nxd4 h6 17.Be3 Ng4 18.Bd2 Bc5 19.Be1 Bxd4 20.Rxd4 c5 21.Nd5 Bxd5 22.Rxd5 c4
23.Rad1 Ndf6 24.Rd6 Rad8 25.Rxa6 h5 26.Rxd8 Qxd8 27.a4 Qb8 28.Bc3 Nd7 29.axb5 Nc5
30.h3 Nh6 31.Rc6 Qxb5 32.Rd6 Na4 33.Rd5 Qc6 34.Rxh5 Nxc3 35.Qxc3 Rc8 36.Rg5 f6
37.e5 Qc5 38.Rh5 Nf7 39.Qf3 g6 40.Rh4 Qxe5 41.Qg4 Qf5 42.Qxf5 gxf5 43.Bd5 c3
44.bxc3 Rxc3 45.Ra4 Rd3 46.Be6 Kf8 47.Bxf5 Rb3 48.Ra8+ Ke7 49.Ra7+ Kf8 50.h4 Rb5
51.Be6  1-0

[Event "South Bohemia Open"]
[Site "Cesky Krumlov CZE"]
[Date "2008.10.12"]
[Round "2"]
[White "Amstadt,A"]
[Black "Lauko,M"]
[Result "0-1"]
[WhiteElo "2196"]
[BlackElo "2001"]

1.d4 d5 2.c4 e6 3.Nc3 c6 4.e3 Nf6 5.Nf3 b6 6.Bd3 Ba6 7.b3 Bb4 8.Bb2 O-O 9.O-O Nbd7
10.a3 Bxc3 11.Bxc3 dxc4 12.bxc4 c5 13.d5 exd5 14.cxd5 c4 15.Bf5 Nc5 16.d6 Nfe4
17.Bxe4 Nxe4 18.Bb4 Qd7 19.Qd4 Qe6 20.Ne5 Bb7 21.Rfd1 Rfd8 22.a4 Rac8 23.Rac1 c3
24.f3 f6 25.fxe4 fxe5 26.Qd3 Rc4 27.Bxc3 Bxe4 28.Qd2 Rxa4 29.Bb2 Bf5 30.Rc6 h6
31.Qc3 Be4 32.Rc7 Ra5 33.Re7 Qg4 34.Qc4+ Kh8 35.Qf1 Bxg2 36.Qxg2 Qxd1+ 37.Qf1 Qxf1+
38.Kxf1 Rxd6 39.Bxe5 Rg6 40.Bg3 Ra2 41.e4 Rc6 42.Re8+ Kh7  0-1

[Event "1st WMSG Blitz Team"]
[Site "Beijing CHN"]
[Date "2008.10.13"]
[Round "1"]
[White "Dietmayer Kraeutler,M"]
[Black "Erdos,V"]
[Result "0-1"]
[WhiteElo "2302"]
[BlackElo "2577"]

1.d4 d5 2.c4 e6 3.Nc3 c6 4.Nf3 Nf6 5.e3 Nbd7 6.Qc2 Bd6 7.b3 O-O 8.Bb2 e5
9.dxe5 Nxe5 10.Nxe5 Bxe5 11.Rd1 Qa5 12.a3 Bg4 13.Rd2 Rfe8 14.b4 Qb6 15.cxd5 cxd5
16.Nxd5 Nxd5 17.Rxd5 Rac8 18.Qd2 Bxb2 19.Qxb2 Red8 20.Rxd8+ Qxd8 21.Be2 Bxe2
22.Kxe2 Qg5 23.Rd1 Qxg2 24.Rd2 Qg4+ 25.Kf1 h5 26.Rc2 Qd1+ 27.Kg2 Qxc2 28.Qe5 Qc6+
29.Kg1 Ra8  0-1

[Event "1st WMSG Blitz Team"]
[Site "Beijing CHN"]
[Date "2008.10.13"]
[Round "1"]
[White "Vavrak,P"]
[Black "Irie,Y"]
[Result "1-0"]
[WhiteElo "2478"]
[BlackElo "2021"]

1.d4 d5 2.c4 c6 3.Nc3 Nf6 4.e3 e6 5.Nf3 Nbd7 6.Qc2 dxc4 7.Bxc4 b5 8.Bd3 Bb7
9.O-O a6 10.e4 Be7 11.e5 Nd5 12.a3 h6 13.Ne4 O-O 14.Rd1 Rc8 15.Qe2 c5 16.dxc5 Bxc5
17.Nxc5 Nxc5 18.Bc2 Qe7 19.Bd2 Rfd8 20.Ba5 Rd7 21.Rac1 Nf4 22.Qe3 Rxd1+ 23.Rxd1 Nd5
24.Qe2 Nd7 25.Bb1 g6 26.Bd2 Qf8 27.Qe4 Qg7 28.Qh4 g5 29.Qh5 Nc5  1-0

[Event "1st WMSG Blitz Team"]
[Site "Beijing CHN"]
[Date "2008.10.13"]
[Round "3"]
[White "Pedersen,Stef"]
[Black "Gundavaa,B"]
[Result "1-0"]
[WhiteElo "2457"]
[BlackElo "2458"]

1.d4 Nf6 2.c4 e6 3.Nf3 d5 4.Nc3 c6 5.e3 Nbd7 6.Qc2 Bd6 7.g4 h6 8.Bd2 dxc4
9.Bxc4 b5 10.Be2 Bb7 11.g5 hxg5 12.Nxg5 a6 13.Bf3 Nd5 14.Nge4 Be7 15.Nxd5 cxd5
16.Ng3 Rc8 17.Qd3 g6 18.O-O e5 19.Bg2 e4 20.Qe2 O-O 21.f3 exf3 22.Rxf3 Bd6
23.Raf1 Qh4 24.Qd3 Rce8 25.Rxf7 Rxf7 26.Qxg6+ Rg7 27.Qh7+ Kxh7 28.Rf5 Nf6
29.Rf4 Be7  1-0

[Event "1st WMSG Blitz Team"]
[Site "Beijing CHN"]
[Date "2008.10.13"]
[Round "3"]
[White "Kojima,S"]
[Black "Steingrimsson,H"]
[Result "0-1"]
[WhiteElo "2272"]
[BlackElo "2540"]

1.Nf3 d5 2.d4 Nf6 3.c4 c6 4.e3 e6 5.Nc3 Nbd7 6.Bd3 Bd6 7.O-O O-O 8.e4 dxc4
9.Bxc4 e5 10.Bg5 Qe7 11.Re1 h6 12.Bh4 Rd8 13.Qd2 Nf8 14.Qe3 exd4 15.Nxd4 Bxh2+
16.Kxh2 Ng4+ 17.Kg1 Qxh4 18.Bxf7+ Kxf7 19.Qf4+ Kg8 20.Rad1 Qf6 21.Nf5 Bxf5
22.exf5 h5 23.Ne4 Qh6 24.Qf3 Rxd1 25.Rxd1 Re8 26.Nd6 Re7 27.Qb3+ Kh7 28.Qc2 Nf6
29.Qc5 Qf4 30.Nc4 Re8 31.Qxa7 Qxc4 32.Qxb7 Qc2 33.Rf1 Qxf5 34.a4 Qc5 35.b4 Qc4
36.a5 Re2 37.Qb8 N8d7 38.Qd6 Qd5 39.Qc7 Ra2 40.Rc1 Ne5 41.Qc8 Nd3 42.Qf5+ Qxf5  0-1

[Event "1st WMSG Blitz Team"]
[Site "Beijing CHN"]
[Date "2008.10.13"]
[Round "4"]
[White "Goldenberg,I"]
[Black "Battulga,N"]
[Result "1-0"]
[WhiteElo "2393"]
[BlackElo "2317"]

1.Nf3 d5 2.d4 e6 3.c4 Nf6 4.Nc3 c6 5.e3 Nbd7 6.Bd3 dxc4 7.Bxc4 b5 8.Bd3 Bb7
9.O-O a6 10.e4 c5 11.d5 c4 12.Bc2 e5 13.Re1 Bc5 14.Be3 Qb6 15.a4 b4 16.a5 Qd6
17.Bxc5 Nxc5 18.Na4 Nfd7 19.Qd2 b3 20.Nxc5 Qxc5 21.Bd1 O-O 22.Qc3 Rfe8 23.Ra4 Rac8
24.Be2 Qd6 25.Rxc4 Rxc4 26.Qxc4 Nc5 27.Bd1 Qc7 28.Bxb3 Qxa5 29.Rc1 Rc8 30.Nxe5 h6
31.Nc6 Bxc6 32.Qxc5 Qxc5 33.Rxc5 Bb7 34.Rxc8+ Bxc8 35.Bc4 Kf8 36.f4 Ke7 37.Kf2 Kd6
38.Ke3 Kc5 39.Kd3 Kb4 40.Kd4 a5 41.e5 a4 42.Bf1  1-0

[Event "1st WMSG Blitz Team"]
[Site "Beijing CHN"]
[Date "2008.10.13"]
[Round "4"]
[White "Stefansson,H"]
[Black "Borgo,G"]
[Result "1-0"]
[WhiteElo "2575"]
[BlackElo "2426"]

1.d4 d5 2.c4 e6 3.Nc3 c6 4.e3 Nf6 5.Nf3 Nbd7 6.Qc2 b6 7.Bd3 Bb7 8.O-O dxc4
9.Bxc4 c5 10.Rd1 a6 11.d5 exd5 12.Nxd5 b5 13.Nxf6+ Qxf6 14.Bd5 Bxd5 15.Rxd5 Be7
16.e4 Qe6 17.Bg5 f6 18.Bf4 O-O 19.Rad1 Nb6 20.R5d2 Rac8 21.h3 Rc6 22.b3 Re8
23.e5 Rec8 24.Re2 f5 25.Bg5 Bf8 26.Red2 R6c7 27.Rd6 Bxd6 28.Rxd6 Qf7 29.Rxb6 Rc6
30.Rxc6 Rxc6 31.Qd3 h6 32.Be3 Rc8 33.Qd6 c4 34.e6 Qc7 35.Qd5 f4 36.e7+ Kh8
37.Qf7 fxe3 38.e8=Q+ Rxe8 39.Qxc7  1-0

[Event "1st WMSG Blitz Team w"]
[Site "Beijing CHN"]
[Date "2008.10.13"]
[Round "5"]
[White "Vovk,Ok"]
[Black "Madl,I"]
[Result "1-0"]
[WhiteElo "2142"]
[BlackElo "2376"]

1.d4 d5 2.c4 c6 3.Nf3 Nf6 4.Nc3 e6 5.e3 Nbd7 6.Qc2 Bd6 7.b3 O-O 8.Be2 b6
9.O-O Bb7 10.cxd5 exd5 11.Bb2 Qe7 12.Rac1 Rae8 13.Bd3 Ne4 14.Bxe4 dxe4 15.Nd2 f5
16.Rce1 c5 17.Ne2 Nf6 18.dxc5 bxc5 19.Nc4 Bb8 20.Ng3 Qe6 21.Rd1 Nd5 22.Na5 Ba6
23.Rfe1 Nb4 24.Qc3 Be5 25.Qxe5 Qxe5 26.Bxe5 Rxe5 27.Rd7 Rf7 28.Rd8+ Rf8 29.Rd7 Nd3
30.Rd1 Bb5 31.Rxa7 Rf7 32.Ra8+ Rf8 33.Rxf8+ Kxf8 34.a4 Ba6 35.Nc6 Re6 36.Nb8 Bb7
37.Nxf5 Bd5 38.Rb1 Rb6 39.Nd7+ Kf7 40.Nxb6 Be6 41.Nd6+ Ke7 42.Nxe4 Ne5 43.Nxc5 Bf7
44.a5 Nc6 45.a6 Na7 46.b4 Kd6 47.Nb7+ Kc6 48.Nd8+ Kxb6 49.Nxf7 Kb5 50.Nd6+ Kxa6
51.b5+ Kb6 52.Nc4+ Kb7 53.b6 Nc6 54.Nd6+ Kb8 55.b7 Kc7 56.Ne8+ Kb8 57.Nxg7 Kc7
58.Nf5 Kb8 59.Rb6 Kc7 60.Rxc6+ Kxc6 61.b8=Q Kc5 62.Qc7+ Kb4 63.Nd4 Ka3 64.Qc5+ Ka2
65.Qc4+ Kb2 66.Qb3+ Ka1 67.Nc2+  1-0

[Event "1st WMSG Blitz Team"]
[Site "Beijing CHN"]
[Date "2008.10.13"]
[Round "5"]
[White "Fesalbon,R"]
[Black "Lovik,L"]
[Result "0-1"]
[WhiteElo "2061"]
[BlackElo "2167"]

1.d4 d5 2.c4 c6 3.Nc3 Nf6 4.e3 e6 5.Nf3 Nbd7 6.g3 Bd6 7.Bg2 O-O 8.b3 Rb8
9.O-O b5 10.cxb5 cxb5 11.Re1 b4 12.Na4 Ne4 13.Bb2 Re8 14.Rc1 Ba6 15.Nd2 Ndf6
16.f3 Nxd2 17.Qxd2 Qa5 18.Bf1 Rec8 19.Rxc8+ Rxc8 20.Rc1 Kf8 21.Rxc8+ Bxc8
22.Qc2 Bd7 23.Bc1 Ne8 24.Bd2 Nc7 25.a3 Nb5 26.axb4 Bxb4 27.Bxb4+ Qxb4 28.Nc5 Ke7
29.Nxd7 Kxd7 30.Qc5 Qxc5 31.dxc5 Kc6 32.b4 Nc3 33.Kf2 Na2 34.b5+ Kxc5 35.Ke2 Nc3+
36.Kd2 Nxb5 37.Kc2  0-1

[Event "1st WMSG Blitz Team"]
[Site "Beijing CHN"]
[Date "2008.10.13"]
[Round "6"]
[White "Goldenberg,I"]
[Black "Steingrimsson,H"]
[Result "1-0"]
[WhiteElo "2393"]
[BlackElo "2540"]

1.Nf3 d5 2.d4 Nf6 3.c4 e6 4.Nc3 c6 5.e3 Nbd7 6.Bd3 dxc4 7.Bxc4 b5 8.Bd3 Bb7
9.O-O a6 10.e4 c5 11.d5 Qc7 12.dxe6 fxe6 13.Ng5 Qc6 14.Qe2 h6 15.Nh3 c4 16.Bc2 Bc5
17.Be3 O-O 18.Nf4 Rae8 19.Ng6 Rf7 20.f3 e5 21.Bxc5 Nxc5 22.Nh4 Ne6 23.Nd5 Nxd5
24.exd5 Qxd5 25.Be4 Qd4+ 26.Kh1 Nf4 27.Qc2 Bxe4 28.fxe4 g6 29.Rad1 Nd3 30.Rxf7 Kxf7
31.Rf1+ Kg7 32.Qe2 Nf4 33.Qg4 Qd8 34.Rxf4 exf4 35.Qxg6+ Kf8 36.Qxh6+ Ke7
37.Nf5+ Kd7 38.Qd6+ Kc8  1-0

[Event "1st WMSG Blitz Team w"]
[Site "Beijing CHN"]
[Date "2008.10.13"]
[Round "7"]
[White "Acevedo Garcia,H"]
[Black "Horvath,Maria AUT"]
[Result "0-1"]
[WhiteElo "2070"]
[BlackElo "2019"]

1.d4 d5 2.c4 c6 3.Nf3 Nf6 4.Nc3 e6 5.e3 Nbd7 6.Bd3 dxc4 7.Bxc4 b5 8.Bd3 Bb7
9.a3 a6 10.O-O Be7 11.Qc2 c5 12.Ne5 O-O 13.h3 Rc8 14.Nxd7 Qxd7 15.dxc5 Bxc5
16.Qe2 h6 17.Rd1 Qc6 18.f3 Rfd8 19.Ne4 Nxe4 20.Bxe4 Qb6 21.Bxb7 Qxb7 22.Rxd8+ Rxd8
23.b4 Bb6 24.Bb2 f6 25.Rd1 Rxd1+ 26.Qxd1 Bxe3+  0-1

[Event "1st WMSG Blitz Team"]
[Site "Beijing CHN"]
[Date "2008.10.13"]
[Round "9"]
[White "Irie,Y"]
[Black "Rasmussen,Kar"]
[Result "0-1"]
[WhiteElo "2021"]
[BlackElo "2466"]

1.d4 d5 2.c4 e6 3.Nf3 c6 4.Nc3 Nf6 5.e3 Nbd7 6.Bd3 dxc4 7.Bxc4 b5 8.Bd3 Bd6
9.O-O O-O 10.e4 e5 11.Ne2 Re8 12.Re1 a6 13.a3 Qc7 14.dxe5 Nxe5 15.Nxe5 Bxe5
16.f4 Bd6 17.e5 Ng4 18.Bxh7+ Kxh7 19.Qd3+ Kg8 20.Qxd6 Qb6+ 21.Nd4 Rd8  0-1

[Event "1st WMSG Blitz Team w"]
[Site "Beijing CHN"]
[Date "2008.10.13"]
[Round "9"]
[White "Gunina,V"]
[Black "Bayrak,A"]
[Result "1-0"]
[WhiteElo "2381"]
[BlackElo "2005"]

1.d4 d5 2.c4 c6 3.Nc3 Nf6 4.e3 e6 5.Nf3 Be7 6.Qc2 O-O 7.Bd3 dxc4 8.Bxc4 Nbd7
9.O-O Qc7 10.Bd2 Rd8 11.e4 Nf8 12.Rac1 b5 13.Bd3 a6 14.e5 Nd5 15.Nxd5 exd5
16.Qxc6 Qxc6 17.Rxc6 Bb7 18.Rc7 Rd7 19.Rfc1 Rad8 20.Rxd7 Rxd7 21.Bg5 Ne6
22.Bxe7 Rxe7 23.Bf5 g6 24.Bxe6 fxe6 25.Ne1 b4 26.Nd3 a5 27.Rc5 Ba6 28.Nf4 a4
29.h4 a3 30.bxa3 bxa3 31.Ra5 Bc4 32.Rxa3 Re8 33.Ra7 Rb8 34.Nxe6 Rb1+ 35.Kh2 Rb2
36.Rg7+ Kh8 37.Rf7 Kg8 38.Rf8+  1-0

[Event "1st WMSG Blitz Team"]
[Site "Beijing CHN"]
[Date "2008.10.13"]
[Round "11"]
[White "Kakageldyev,A"]
[Black "Borgo,G"]
[Result "1-0"]
[WhiteElo "2449"]
[BlackElo "2426"]

1.d4 d5 2.c4 e6 3.Nf3 Nf6 4.Nc3 c6 5.e3 Nbd7 6.Qc2 b6 7.b3 Bb7 8.Bd3 Bd6
9.Bb2 Qe7 10.O-O O-O 11.Rfe1 h6 12.Rad1 Rac8 13.e4 dxe4 14.Nxe4 Nxe4 15.Bxe4 Nf6
16.Bd3 Rfd8 17.Qe2 Ba3 18.Ba1 Bb4 19.Rf1 Re8 20.Bb1 c5 21.h3 cxd4 22.Nxd4 Bd6
23.Rfe1 Bb4 24.Rf1 Bd6 25.Bc3 Bb8 26.Nf3 Qc7 27.Be5 Qe7 28.Bxb8 Bxf3 29.Qxf3 Rxb8
30.Rd2 Rbd8 31.Rfd1 Rxd2 32.Rxd2 e5 33.Re2 g6 34.b4 Kg7 35.a3 Qd6 36.Qe3 Rc8
37.Ba2 Re8 38.Rd2 Qe7 39.c5 bxc5 40.bxc5 Rc8 41.Rc2 Rc7 42.Bb3 h5 43.Ba4 h4
44.c6 Qd6 45.Rd2 Qe7  1-0

[Event "XV PRO AM Open"]
[Site "Villa Martelli ARG"]
[Date "2008.10.13"]
[Round "4"]
[White "Real de Azua,E"]
[Black "Vasquez,R"]
[Result "1/2-1/2"]
[WhiteElo "2413"]
[BlackElo "2522"]

1.d4 d5 2.c4 c6 3.Nc3 Nf6 4.e3 e6 5.Nf3 Nbd7 6.Qc2 Bd6 7.g4 Bb4 8.Bd2 Qe7
9.Bd3 dxc4 10.Bxc4 b5 11.Bd3 Bb7 12.e4 g6 13.g5 Nh5 14.a3 Bxc3 15.Qxc3 O-O
16.Be3 f5 17.gxf6 Qxf6 18.Nd2 Nf4 19.O-O-O a5 20.e5 Nxd3+ 21.Qxd3 Qf5 22.Qxf5 Rxf5
23.Rhg1 c5 24.dxc5 Nxe5 25.Nb3 Nf3 26.Rg3 a4 27.Rd7 Be4 28.Nd2 Ne5 29.Re7 Nd3+
30.Kd1 Nxb2+ 31.Ke1 Bc2 32.c6 Rc8 33.Rxe6 Re5 34.Rxe5 Nd3+ 35.Ke2 Nxe5 36.Nf3 Nxc6
37.Nd4 Nxd4+ 38.Bxd4 Bb3 39.Rg5 Rd8 40.Ke3 Bc4 41.h4 Kf7 42.Rc5 Rd7 43.h5 gxh5
44.Rxh5 Kg6 45.Rc5 Re7+ 46.Be5 Kf5 47.f4 h5 48.Kf3 Rh7 49.Bc3+ Ke6 50.f5+ Kd6
51.Bb4 Kd7 52.Re5 Rh6 53.Kg3 h4+ 54.Kh2 Rh5 55.Rc5 Ke8 56.f6 Rh6 57.Re5+ Kf7
58.Be7 Rh8 59.Kh3 Be6+ 60.Kh2 Rc8 61.Rc5  1/2-1/2

[Event "1st WMSG Rapid Team"]
[Site "Beijing CHN"]
[Date "2008.10.14"]
[Round "2"]
[White "Gonzalez Garcia,J2"]
[Black "Erdos,V"]
[Result "1/2-1/2"]
[WhiteElo "2508"]
[BlackElo "2577"]

1.d4 d5 2.c4 e6 3.Nc3 c6 4.e3 Nf6 5.Nf3 Nbd7 6.Bd3 dxc4 7.Bxc4 b5 8.Bd3 Bd6
9.O-O O-O 10.Bd2 Bb7 11.Rc1 Rc8 12.a3 Re8 13.b4 e5 14.Ng5 Bb8 15.Bb1 h6 16.Nge4 exd4
17.exd4 Nxe4 18.Nxe4 Rxe4 19.Bxe4 Bxh2+ 20.Kxh2 Qh4+ 21.Kg1 Qxe4 22.Re1 Qd5
23.Qf3 Qxf3 24.gxf3 Rd8 25.Bf4 Nf6 26.Re7 Bc8 27.Be5 Nd5 28.Rxa7 Bd7 29.Rc5 Be8
30.Rb7 f6 31.Bg3 Ra8 32.Rc1 Kh7 33.Rb8 Rxb8 34.Bxb8 g5 35.Bd6 Kg6 36.Re1 Bd7
37.Ra1 Nc3 38.Kg2 h5 39.Re1 Nd5 40.Ra1 Nc3 41.Re1 Nd5 42.Ra1 Nc3 43.Re1 Nd5
44.Ra1 Nc3 45.Re1 Nd5  1/2-1/2

[Event "1st WMSG Rapid Team"]
[Site "Beijing CHN"]
[Date "2008.10.15"]
[Round "4"]
[White "Gurevich,M1"]
[Black "Korobov,A"]
[Result "1-0"]
[WhiteElo "2634"]
[BlackElo "2605"]

1.Nf3 Nf6 2.c4 e6 3.Nc3 d5 4.d4 c6 5.e3 Nbd7 6.Qc2 Bd6 7.b3 O-O 8.Be2 e5
9.cxd5 Nxd5 10.Nxd5 cxd5 11.dxe5 Nxe5 12.Bb2 Nxf3+ 13.Bxf3 Bb4+ 14.Kf1 Be6
15.Qd3 Be7 16.Ke2 Rc8 17.Rhc1 Qa5 18.a3 Rc6 19.Rxc6 bxc6 20.Rc1 Qb6 21.Kf1 Rb8
22.b4 c5 23.Be5 Rc8 24.bxc5 Rxc5 25.Rb1 Qa5 26.g4 Rc8 27.Bd4 Bd6 28.Kg2 h6
29.h3 Bb8 30.Rb7 a6 31.Rb6 Qa4 32.Qxa6 Qc2 33.Rxe6 fxe6 34.Qxe6+  1-0

[Event "1st WMSG Rapid Team"]
[Site "Beijing CHN"]
[Date "2008.10.15"]
[Round "4"]
[White "Kakageldyev,A"]
[Black "Kojima,S"]
[Result "1-0"]
[WhiteElo "2449"]
[BlackElo "2272"]

1.d4 d5 2.c4 c6 3.Nf3 Nf6 4.Nc3 e6 5.e3 Nbd7 6.Qc2 Bd6 7.Bd2 O-O 8.O-O-O c5
9.cxd5 exd5 10.Rg1 cxd4 11.exd4 Nb6 12.Ne5 Be6 13.Bd3 Rc8 14.Kb1 Nc4 15.Nxc4 dxc4
16.Bf5 Bxf5 17.Qxf5 Qd7 18.Qxd7 Nxd7 19.Rge1 Rfe8 20.h3 Nf6 21.Kc2 a6 22.Bg5 Nd7
23.Ne4 Bb4 24.Bd2 Bxd2 25.Kxd2 Nb6 26.Nd6 Rxe1 27.Rxe1 Rd8 28.Nxb7 Rxd4+
29.Kc3 Rd3+ 30.Kc2 g6 31.Nc5 Rd6 32.Nxa6 Nd5 33.Rd1 Kf8 34.a3 Ke7 35.g3 Kd7
36.Nc5+ Kc6 37.Ne4 Re6 38.Ng5 Rf6 39.Rd2 h6 40.Ne4 Rf3 41.Rd4 Nb6 42.Rd6+ Kb5
43.Rf6 Rxf6 44.Nxf6 Kc5 45.Ng4 Nd5 46.Nxh6 f5 47.Nf7 Nf6 48.Ne5 Ne4 49.Nxg6 Nxf2
50.Ne7 Nxh3 51.Nxf5 Ng5 52.b3 Ne4 53.g4 Kb5 54.Ne3 cxb3+ 55.Kxb3 Nd2+ 56.Kc2 Nf3
57.Kb3 Nd2+ 58.Kc3 Nf3 59.Nd1 Ka4 60.Kb2 Kb5 61.Kb3 Nd2+ 62.Kc3 Nb1+ 63.Kb3 Nd2+
64.Kc2 Nc4 65.Kb3 Nd2+ 66.Kc3 Nb1+ 67.Kb2 Nd2 68.g5 Nc4+ 69.Kc3 Ne5 70.Nb2 Kc5
71.a4 Ng6 72.Nd3+ Kb6 73.Kb4 Ne7 74.a5+ Ka6 75.Nc5+ Ka7 76.Kb5 Ng6 77.Kc6 Ne7+
78.Kd6 Ng6 79.Ke6 Kb8 80.Kf6 Nh4 81.g6  1-0

[Event "1st WMSG Rapid Team"]
[Site "Beijing CHN"]
[Date "2008.10.15"]
[Round "6"]
[White "Gonzalez Garcia,J2"]
[Black "Sveshnikov,E"]
[Result "1/2-1/2"]
[WhiteElo "2508"]
[BlackElo "2525"]

1.d4 d5 2.c4 e6 3.Nf3 Nf6 4.Nc3 c6 5.e3 Nbd7 6.Bd3 dxc4 7.Bxc4 b5 8.Bd3 b4
9.Ne4 Nxe4 10.Bxe4 Bb7 11.O-O Bd6 12.a3 a5 13.Nd2 Qc7 14.axb4 axb4 15.Rxa8+ Bxa8
16.Nc4 Bxh2+ 17.Kh1 Bd6 18.Qa4 O-O 19.Nxd6 Qxd6 20.Bd2 Rb8 21.Rc1 Nf6 22.Bf3 e5
23.Bxc6 Ng4 24.Bxa8 Qd8 25.Kg1 Rxa8 26.Qc6 Rb8 27.Qc7 Qxc7 28.Rxc7 exd4 29.exd4 Nf6
30.b3 h6 31.Rc4 Nd5 32.Rc5 Rd8 33.Rb5 Nc3 34.Bxc3 bxc3 35.Rc5 Rxd4 36.Rxc3 Rd1+
37.Kh2 Rb1 38.g4 g5 39.Kg2 Kg7 40.Re3 Kg6 41.Rf3 f6 42.Kh2 Rd1 43.Rc3 Rd4
44.Kg3 Rb4 45.f3 h5 46.gxh5+ Kxh5 47.Rd3 f5 48.Rc3 f4+ 49.Kh3 Rd4 50.Rc8 Rd1
51.Rh8+ Kg6 52.Rg8+ Kf6 53.Rf8+ Kg7 54.Rc8 Rg1 55.Kh2 Rb1 56.Rb8 Kf6 57.b4 Ke5
58.Rb5+ Kd4 59.Rxg5 Ke3 60.Ra5 Kxf3 61.Ra3+ Kf2 62.Ra2+ Kf1 63.b5 Rb3 64.Ra1+ Ke2
65.Ra2+ Kf3 66.Ra1 Kg4 67.Rg1+ Kh4 68.Rg8 Rb2+ 69.Kg1 Rxb5 70.Kf2 Rg5 71.Rxg5 Kxg5
72.Kf3 Kf5 73.Kf2 Ke4 74.Ke2 f3+ 75.Kf2 Kf4 76.Kf1 Kg4 77.Kf2 Kf4 78.Kf1 Kg3
79.Kg1 f2+ 80.Kf1 Kf3  1/2-1/2